Guess the city from satellite view - Statistics

General Stats
  • This quiz has been taken 24 times
  • The average score is 4 of 12
Answer Stats
Picture Answer % Correct
London
86%
Cairo
76%
Barcelona
67%
Amsterdam
62%
Seattle
43%
Tampa
29%
Perth
24%
Astana
14%
Copenhagen
14%
Lyon
10%
Kaunas
5%
Ankara
0%
No matching quizzes found
Score Distribution
Percent of People with Each Score
Percentile by Number Answered
Your Score History
You have not taken this quiz